000 00422nam a2200181Ia 4500
001 15077
005 20260306165001.0
008 260306t2008||||xx |||||||||||||| ||spa||
041 _aESP
082 _a530
_bG42 V. 1
100 _aGiancoli, Douglas C.
_eAUT
245 0 _aFísica para ciencias e ingeniería
260 _c2008
300 _a
_c27 cm.
650 _aGEN
654 _aCCN
942 _cLIB
_dJUS
_fJUS
_2ddc
_n
999 _c15077
_d15077